000 01097nam a2200289 a 4500
003 DO-SdBNP
005 20250610150022.0
007 ta
008 220202e2021 dr ao||gr|||| 001 edspa d
020 _a9789945628555
040 _aDO-SdBNP
_bspa
_cBNPHU
082 4 _222
_bG643d
100 1 _979747
_aGonzález Báez, Keila
245 _aDe imposible a inevitable:
_b70 lecciones de manifestación basadas en hechos reales /
_cKeila González Báez
246 _aDe imposible a inevitable:
_bsetenta lecciones de manifestación basadas en hechos reales
260 _aSanto Domingo :
_bBien-etre,
_c2021
300 _a166 p. :
_bil., fotogr. ;
_c22 cm.
500 _aIncluye datos biográficos de la autora, p. 166
590 _aInventariado 2022 / MF
650 0 _aLiderazgo
_zRepública Dominicana
_92140
650 4 _931332
_aEnsayos Dominicanos
_xRelatos Personales
650 4 _aÉxito en los Negocios
_xRelatos personales
_981108
650 4 _aCrecimiento Empresarial
_zRepública Dominicana
_965544
650 4 _977467
_aViajes
_xRelatos personales
910 _aMFeliz
942 _2ddc
_cLBS1
999 _c51317
_d51317